| 000 | 00569nam a2200193Ia 4500 | ||
|---|---|---|---|
| 008 | 180523s9999 xx 000 0 und d | ||
| 020 | _a978-1-4221-0322-7 | ||
| 050 | _aMAIN HF 5718.3 | ||
| 050 | _b.W75 2006 | ||
| 245 | 0 | _aWritten communications that inform and influence / | |
| 260 | _aBoston : | ||
| 260 | _bHarvard Business School Press, | ||
| 260 | _c2006 | ||
| 300 | _a175 pages : | ||
| 300 | _c21 cm. | ||
| 440 | _aThe result-driven manager | ||
| 500 | _aIncludes bibliographical references. | ||
| 650 | _aBusiness writing -- Handbooks, manuals, etc. | ||
| 999 |
_c357232 _d357232 |
||